书目信息 |
| 题名: |
上海通史
|
|
| 作者: | 承载 著 | |
| 分册: | 第13卷 | |
| 出版信息: | 上海 上海人民出版社 1999.09 |
|
| 页数: | 429页 | |
| 开本: | 21cm | |
| 丛书名: | ||
| 单 册: | ||
| 中图分类: | K295.1 | |
| 科图分类: | ||
| 主题词: | 地方史--上海 | |
| 电子资源: | ||
| ISBN: | 7-208-03212-2 | |
| 000 | 00615nam0 2200205 45 | |
| 001 | 0211121499 | |
| 005 | 20031219104100.1 | |
| 010 | @a7-208-03212-2@b精装@dCNY48.00 | |
| 100 | @a20021112d1999 km y0chiy0120 ea | |
| 101 | 0 | @achi |
| 105 | @aak z 000yy | |
| 200 | 1 | @a上海通史@h第13卷@e当代社会@EDang Dai She Hui@AShang Hai Tong Shi@f承载著@FCheng Zai Zhu |
| 210 | @a上海@c上海人民出版社@d1999.09 | |
| 215 | @a429页@c插图@d21cm | |
| 517 | @a当代社会@ADang Dai She Hui | |
| 606 | 0 | @a地方史@y上海 |
| 690 | @aK295.1@v4 | |
| 701 | 0 | @a承载@4著 |
| 801 | @aCN@bTSTC@c20021112 | |
| 905 | @b317382-386@dK295.1@e111:13@f5 | |
| 上海通史.第13卷:当代社会/承载著.-上海:上海人民出版社,1999.09 |
| 429页:插图;21cm |
| ISBN 7-208-03212-2(精装):CNY48.00 |
| ● |
| 相关链接 |
|
|
|
|
正题名:上海通史
索取号:K295.1/111:13
 
预约/预借
| 序号 | 登录号 | 条形码 | 馆藏地/架位号 | 状态 | 备注 |
| 1 | 0317382 | 203173822 | 密集书库/ [索取号:K295.1/111:13] | 在馆 | |
| 2 | 0317383 | 203173831 | 第二借阅区/ [索取号:K295.1/111:13] | 在馆 | |
| 3 | 0317384 | 203173840 | 第二借阅区/ [索取号:K295.1/111:13] | 在馆 | |
| 4 | 0317385 | 203173859 | 密集书库/ [索取号:K295.1/111:13] | 在馆 | |
| 5 | 0317386 | 203173868 | 第二样本阅览室/ [索取号:K295.1/111:13] | 在馆 |